000 01239nam a2200229Ia 4500
001 L709-29303
003 IT-CnALBA
008 170116s9999||||xx |||||||||||||| ||und||
040 _aIT-CnALBA
_cIT-CnALBA
041 _aITALIANO
100 _aBARGELLINI PIERO
245 0 _aBELVEDERE. PANORAMA STORICO DELL'ARTE. VOL. I. ARTE GRECA.
250 _a1a ed.
260 _a FIRENZE
_bVALLECCHI A. - EDITORE
_c1957 [1° Ed.:1957 - Ed.Ling.Originale: 1957]
300 _a375 p.
500 _aPREFAZIONE DELL'AUTORE. SINTESI DEL VOLUME. TAVOLE A COLORI. INDICE DELLE ILLUSTRAZIONI A COLORE E IN BIANCO E NERO. INDICE ONOMASTICO E COSE NOTEVOLI. MINOSSE E CRETA. ARTE GRECA. TEMPIO. OLIMPIA. STILE DORICO. IONICO CORINZIO. TEMPIO EGINA E LE STATUE D
501 _aSocietà San Paolo EM - Piazza San Paolo, 14 - 12051 ALBA (CN) (non commercial uses only) ® Copyright 2017
520 _aPREFAZIONE DELL'AUTORE. SINTESI DEL VOLUME. TAVOLE A COLORI. INDICE DELLE ILLUSTRAZIONI A COLORE E IN BIANCO E NERO. INDICE ONOMASTICO E COSE NOTEVOLI. MINOSSE E CRETA. ARTE GRECA. TEMPIO. OLIMPIA. STILE DORICO. IONICO CORINZIO. TEMPIO EGINA E LE STATUE D
650 _aTRATTAZIONE STORICA E GEOGR. DELL'ARTE
942 _cBK
957 _71
999 _a34072
_bNO
_g Copie: 1
_c288228
_d288228